000 00656nam a2200241Ia 4500
003 OSt
005 20221006155241.0
006 a|||||r|||| 00| 0
007 ta
008 221006b |||||||| |||| 00| 0 eng d
024 _a41,300
037 _cSeries Articles
040 _aEASL
_cEASL
_beng
041 _2eng
_aeng
100 _aRosen Stanley
245 0 _aBhind the gate
_b Inbenting students in beijing
260 _aCanberra
_bAustralian National University Australia
_c2012
300 _a201-203
_ccm.
490 _v67
650 _aEducation-China
_9629171
942 _cREF
_2CC
999 _c1109386
_d1109386